书目信息 |
| 题名: |
中国战略性新兴产业研究与发展
|
|
| 作者: | 付于武 主编 | |
| 分册: | 新能源汽车 | |
| 出版信息: | 北京 机械工业出版社 2013 |
|
| 页数: | 18,609页 | |
| 开本: | 25cm | |
| 丛书名: | ||
| 单 册: | ||
| 中图分类: | F269.2 , F426.471 | |
| 科图分类: | ||
| 主题词: | 新兴产业--产业发展--研究--中国 , 新能源--汽车工业--经济发展--研究--中国 , 新兴产业 , 产业发展 , 新能源 , 汽车工业 , 经济发展 | |
| 电子资源: | ||
| ISBN: | 978-7-111-41191-8 | |
| 000 | 01403nam0 22003491 450 | |
| 001 | 524 | |
| 005 | 20140908165247.26 | |
| 010 | @a978-7-111-41191-8@dCNY200.00 | |
| 100 | @a20130709d2013 em y0chiy50 ea | |
| 101 | 0 | @achi |
| 102 | @aCN@b110000 | |
| 105 | @aa z 000yy | |
| 106 | @ar | |
| 200 | 1 | @a中国战略性新兴产业研究与发展@AZhong Guo Zhan Lue Xing Xin Xing Chan Ye Yan Jiu Yu Fa Zhan@i新能源汽车@IXin Neng Yuan Qi Che@dR&D of China's strategic new industries@iNew energy vehicle@f付于武主编@FFu Yu Wu Zhu Bian@zeng |
| 210 | @a北京@c机械工业出版社@d2013 | |
| 215 | @a18,609页@c图@d25cm | |
| 300 | @a国家出版基金项目 | |
| 304 | @a中国汽车工程学会,北京汽车经济研究会组编 | |
| 330 | @a本书共5篇23章,从产业研究角度,对国内外新能源汽车产业发展现状、技术发展趋势、商业模式特点和发展趋势、市场需求前景以及我国新能源汽车产业发展的需求和条件进行分析、比较和研究,提出我国新能源汽车产业发展的战略性指导要求和政策建议。 | |
| 510 | 1 | @aR&D of China's strategic new industries@iNew energy vehicle@zeng |
| 606 | 0 | @a新兴产业@x产业发展@x研究@y中国 |
| 606 | 0 | @a新能源@x汽车工业@x经济发展@x研究@y中国 |
| 606 | 0 | @a新兴产业 |
| 606 | 0 | @a产业发展 |
| 606 | 0 | @a新能源 |
| 606 | 0 | @a汽车工业 |
| 606 | 0 | @a经济发展 |
| 690 | @aF269.2@v5 | |
| 690 | @aF426.471@v5 | |
| 701 | 0 | @a付于武@AFu Yu Wu@f(1945~)@4主编 |
| 801 | 0 | @aCN@bTANGWEI@c20140603 |
| 905 | @b0837375-77@dF269.2@e215@f3 | |
| 中国战略性新兴产业研究与发展.新能源汽车=R&D of China's strategic new industries.New energy vehicle/付于武主编.-北京:机械工业出版社,2013 |
| 18,609页:图;25cm |
| 国家出版基金项目 |
| ISBN 978-7-111-41191-8:CNY200.00 |
| 本书共5篇23章,从产业研究角度,对国内外新能源汽车产业发展现状、技术发展趋势、商业模式特点和发展趋势、市场需求前景以及我国新能源汽车产业发展的需求和条件进行分析、比较和研究,提出我国新能源汽车产业发展的战略性指导要求和政策建议。 |
| ● |
| 相关链接 |
|
|
|
|
正题名:中国战略性新兴产业研究与发展
索取号:F269.2/215
 
预约/预借
| 序号 | 登录号 | 条形码 | 馆藏地/架位号 | 状态 | 备注 |
| 1 | 0837375 | 208373758 | 第一样本阅览室/ [索取号:F269.2/215] | 在馆 | |
| 2 | 0837376 | 208373767 | 第一借阅区/ [索取号:F269.2/215] | 在馆 | |
| 3 | 0837377 | 208373776 | 密集书库-海洋学院/ [索取号:F269.2/215] | 在馆 |